000 00218nam a22000857a 4500
008 160915b xxu||||| |||| 00| 0 eng d
100 _9520
_aGuptu.N
245 _aMathematics Lab-7
260 _aNew Delhi
_bAI Publications
_c2008
999 _c3177
_d3177